MARC details
| 000 -LEADER |
| fixed length control field |
01159cam a2200313 i 4500 |
| 001 - CONTROL NUMBER |
| control field |
200130674 |
| 003 - CONTROL NUMBER IDENTIFIER |
| control field |
TR-AnTOB |
| 005 - DATE AND TIME OF LATEST TRANSACTION |
| control field |
20231214093415.0 |
| 007 - PHYSICAL DESCRIPTION FIXED FIELD--GENERAL INFORMATION |
| fixed length control field |
ta |
| 008 - FIXED-LENGTH DATA ELEMENTS--GENERAL INFORMATION |
| fixed length control field |
131011s2012 tu a tur d |
| 020 ## - INTERNATIONAL STANDARD BOOK NUMBER |
| International Standard Book Number |
9789944609944 (basılı) |
|
| Canceled/invalid ISBN |
9789944609920 (elektronik) |
| 040 ## - CATALOGING SOURCE |
| Original cataloging agency |
TR-AnTOB |
| Language of cataloging |
eng |
| Description conventions |
rda |
| Transcribing agency |
TR-AnTOB |
| 041 0# - LANGUAGE CODE |
| Language code of text/sound track or separate title |
Türkçe |
| -- |
İngilizce |
| -- |
Arapça |
| 050 ## - LIBRARY OF CONGRESS CALL NUMBER |
| Classification number |
SB466.T82 |
| Item number |
İ87 2012 |
| 090 ## - LOCALLY ASSIGNED LC-TYPE CALL NUMBER (OCLC); LOCAL CALL NUMBER (RLIN) |
| Classification number (OCLC) (R) ; Classification number, CALL (RLIN) (NR) |
SB466.7.T82 |
| Local cutter number (OCLC) ; Book number/undivided call number, CALL (RLIN) |
İ87 2012 |
| 245 00 - TITLE STATEMENT |
| Title |
İstanbul’un rengi : |
| Remainder of title |
erguvan bir mevsimlik misafir = The colour of Istanbul |
| -- |
judas tree a guest for a season / |
| Statement of responsibility, etc. |
metin Abidin Parıltı ; çeviren Ahmet Çakır |
| 264 #1 - PRODUCTION, PUBLICATION, DISTRIBUTION, MANUFACTURE, AND COPYRIGHT NOTICE |
| Place of production, publication, distribution, manufacture |
İstanbul: |
| Name of producer, publisher, distributor, manufacturer |
İstanbul Ticaret Odası, |
| Date of production, publication, distribution, manufacture, or copyright notice |
2012 |
| 300 ## - PHYSICAL DESCRIPTION |
| Extent |
155 pages : |
| Other physical details |
illustrations; |
| Dimensions |
30x30 cm |
| Accompanying material |
1 CD-ROM (4 3/4 in.) |
| 336 ## - CONTENT TYPE |
| Content type term |
text |
| Content type code |
txt |
| Source |
rdacontent |
| 337 ## - MEDIA TYPE |
| Media type term |
unmediated |
| Media type code |
n |
| Source |
rdamedia |
| 338 ## - CARRIER TYPE |
| Carrier type term |
volume |
| Carrier type code |
nc |
| Source |
rdacarrier |
| 490 0# - SERIES STATEMENT |
| Series statement |
İstanbul' a Yönelik Araştırmalar Yayın ; |
| Volume/sequential designation |
no.2011-28 |
| 650 07 - SUBJECT ADDED ENTRY--TOPICAL TERM |
| Topical term or geographic name entry element |
Erguvan |
| Source of heading or term |
etuturkob |
| 9 (RLIN) |
93542 |
|
| Topical term or geographic name entry element |
Bahçeler |
| Geographic subdivision |
Türkiye |
| -- |
İstanbul |
| Source of heading or term |
etuturkob |
| 9 (RLIN) |
90513 |
| 710 2# - ADDED ENTRY--CORPORATE NAME |
| Corporate name or jurisdiction name as entry element |
İstanbul Ticaret Odası |
| 9 (RLIN) |
19571 |
| 942 ## - ADDED ENTRY ELEMENTS (KOHA) |
| Koha item type |
Book |
| Source of classification or shelving scheme |
Library of Congress Classification |